000
00272nam a22001097a 4500
082
_a
355.02 MAN'A
100
_a
MANCHESTER, WILLIAM
_9
27045
245
_a
AMERICAN CAESAR DOUGLAS MACARTHUR 1880-1964
260
_a
BOSTON
_b
LITTLE BROWN
_c
1978
300
_a
793P
942
_c
BK
999
_c
581484
_d
581484